<?xml version="1.0" encoding="UTF-8"?>
<collection xmlns="http://www.loc.gov/MARC21/slim">
  <record>
    <leader>00000nam  2200000   4500</leader>
    <datafield tag="990" ind1="#" ind2="#">
      <subfield code="a">177/TA TMIA 2025</subfield>
    </datafield>
    <controlfield tag="001">INLIS000000000015138</controlfield>
    <controlfield tag="005">20260518013613</controlfield>
    <datafield tag="035" ind1="#" ind2="#">
      <subfield code="a">0010-0526000005</subfield>
    </datafield>
    <controlfield tag="007">ta</controlfield>
    <controlfield tag="008">260518################|##########|#|##</controlfield>
    <datafield tag="082" ind1="#" ind2="#">
      <subfield code="a">(R)2025 TA-TMIA 818</subfield>
    </datafield>
    <datafield tag="084" ind1="#" ind2="#">
      <subfield code="a">(R)2025 TA-TMIA 818 REZ r</subfield>
    </datafield>
    <datafield tag="100" ind1=" " ind2="#">
      <subfield code="a">REZKYANO Daffasa</subfield>
    </datafield>
    <datafield tag="245" ind1="1" ind2="#">
      <subfield code="a">Rancang Bangun Mesin Pengering Gabah Menggunakan Udara Panas Berkapasitas 75 Kg/Jam :</subfield>
      <subfield code="b">Tugas Akhir /</subfield>
      <subfield code="c">A.M. Rezkyano Daffasa; As'ad Rezky; Cornelius Uten P.; Ariyanto</subfield>
    </datafield>
    <datafield tag="250" ind1="#" ind2="#">
      <subfield code="a">2025</subfield>
    </datafield>
    <datafield tag="260" ind1="#" ind2="#">
      <subfield code="a">Makassar :</subfield>
      <subfield code="b">Politeknik ATI Makassar - Teknik Manufaktur Industri Agro,</subfield>
      <subfield code="c">2025</subfield>
    </datafield>
    <datafield tag="300" ind1="#" ind2="#">
      <subfield code="a">xiii, 54 halaman :</subfield>
      <subfield code="b">Tabel; gambar ;</subfield>
      <subfield code="c">20,5x29</subfield>
      <subfield code="e">bibliografi; lampiran</subfield>
    </datafield>
    <datafield tag="650" ind1="#" ind2="4">
      <subfield code="a">Tugas Akhir TMIA 2025</subfield>
    </datafield>
    <datafield tag="700" ind1=" " ind2="#">
      <subfield code="a">AS'AD Rezky</subfield>
    </datafield>
    <datafield tag="700" ind1="3" ind2="#">
      <subfield code="a">UTEN P, Cornelius</subfield>
    </datafield>
    <datafield tag="700" ind1=" " ind2="#">
      <subfield code="a">ARIYANTO</subfield>
    </datafield>
    <datafield tag="856" ind1="#" ind2="#">
      <subfield code="a">OPAC (Ruang Referensi Rak Tugas Akhir Teknik Manufaktur Industri Agro 2025)</subfield>
    </datafield>
    <datafield tag="600" ind1="#" ind2="4">
      <subfield code="a">A.M. Rezkyano Daffasa (22TMIA580)</subfield>
    </datafield>
    <datafield tag="600" ind1="#" ind2="4">
      <subfield code="a">As'ad Rezky (22TMIA597)</subfield>
    </datafield>
  </record>
</collection>
